| 000 | 01118nam a2200253Ia 4500 | ||
|---|---|---|---|
| 999 |
_c52907 _d52907 |
||
| 001 | 19937 | ||
| 003 | GE_BSU | ||
| 005 | 20200516215319.0 | ||
| 008 | 181216s1969||||ge |||||||||||||| ||geo|| | ||
| 040 | _cGE_BSU | ||
| 041 | _ageo | ||
| 080 | _a811.353.1'282'373 ხ-89 | ||
| 100 |
_aხუბუტია, პავლე _98064 |
||
| 245 |
_aთუშური კილო : _bლექსიკა / _cპავლე ხუბუტია ; რედ. თ. უთურგაიძე. |
||
| 264 |
_aთბილისი : _bთბილ. უნ-ტის გამ-ბა, _c1969. |
||
| 300 |
_a212გვ. ; _c22 სმ. |
||
| 500 | _aლექსიკონი, გეოგრაფიული, ადამიანის და ცხოველთა სახელები : გვ. 62-207 | ||
| 541 | _h2ლ.46თ. | ||
| 653 | _aქართული ენა | ||
| 653 | _aქართული ენის დიალექტები | ||
| 653 | _aთუშური კილო | ||
| 700 |
_aუთურგაიძე, თ. _eრედაქტორი _97216 |
||
| 942 |
_cBK _2udc |
||